Вибране: Поезії (Запис № 17534)
[ простий вигляд ]
| 000 -Маркер запису | |
|---|---|
| Контрольне поле сталої довжини | 01863nam a22002537a 4500 |
| 003 - Належність контрольного номера | |
| Контрольне поле | Uzh_bibl |
| 008 - Кодовані дані | |
| Контрольне поле сталої довжини | 260427b |||||||| |||| 00| 0 ukr d |
| 020 ## - Індекс ISBN | |
| Ціна | 1.80 |
| 040 ## - Джерело каталогіз. | |
| Служба первин.кат. | укр. |
| 041 ## - Код мови видання | |
| Код мови оригіналу | українська |
| Код мови тексту | українська |
| 080 ## - Індекс УДК | |
| Індекс УДК | 821(477) |
| 090 ## - Шифри | |
| Поличний індекс | 821(477) |
| Авторський знак | Н 58 |
| 100 ## - Автор | |
| Автор | Нехода, Іван |
| 245 ## - Назва | |
| Назва | Вибране: Поезії |
| Відповідальність | Упоряд. Т.І. Нехода |
| Фізичний носій | Текст |
| 260 ## - Вихідні дані | |
| Місце видання | Київ |
| Видавництво | Дніпро |
| Дата видання | 1980 |
| 300 ## - Фізичний опис | |
| Обсяг | 318 с. |
| Тип одиниці | В опр. |
| 520 ## - Анотація | |
| Анотація | Збірка “Вибране” Івана Неходи об’єднує найкращі поетичні твори автора, у яких відображено любов до рідної землі, красу української природи та складні сторінки історії. Поезії сповнені глибокого ліризму, щирих почуттів і роздумів про життя, пам’ять і людську долю. Значне місце посідає тема війни та її впливу на людину. Творчість вирізняється емоційністю, образністю та патріотичним звучанням. |
| 521 ## - Примітка про цільове призначення | |
| Примітка про цільове призначення | Для широкого кола читачів |
| 546 ## - Примітка про мову | |
| Примітка про мову | укр. |
| 650 ## - Тематичні рубрики | |
| Типове ділення | Літературно-художнє видання |
| Хронологічна підрубрика | ХХ століття, зокрема довоєнний, воєнний і повоєнний періоди |
| Географічна підрубрика | Події охоплюють Україну (переважно сільське й частково міське середовище) |
| 653 ## - Ключові слова | |
| Ключові слова | Батьківщина |
| -- | Природа |
| -- | Пам’ять |
| -- | Війна |
| -- | Людина |
| 655 ## - Термін індексування — жанр/форма | |
| Жанр/форма | Поезія, лірика (громадянська, пейзажна, інтимна) |
| Типове ділення | [Збірник] |
| 942 ## - ADDED ENTRY ELEMENTS (KOHA) | |
| Джерело класифікації чи схема поличного розташування | |
| Koha item type | Книги |
| Статус вилучення | Статус втрати/відсутності | Джерело класифікації чи схема поличного розташування | Статус пошкодження | Тип обігу (не для випозичання) | Постійне розташування | Поточне розташування | Розташування у відділі | Дата надходження | Інвентарний номер | Total Checkouts | Повний (примірниковий) шифр зберігання | Штрих-код | Date last seen | Дата, для якої чинна ціна заміни | Тип одиниці (рівень примірника) |
|---|---|---|---|---|---|---|---|---|---|---|---|---|---|---|---|
| Публічна бібліотека | Публічна бібліотека | Абонемент | 27/04/2026 | 11430 | 821(477) | 20317 | 27/04/2026 | 27/04/2026 | Книги |